Города и поселки Новосибирской области - Statistics

General Stats
  • This quiz has been taken 79 times
  • The average score is 8 of 26
Answer Stats
Место Город , посёлок Население % Correct
1 Новосибирск 1 621 330
100%
2 Бердск 103 544
56%
3 Искитим 55 443
54%
4 Куйбышев 43 195
41%
11 Черепаново 18 846
41%
5 Обь 30 131
39%
6 Барабинск 28 546
39%
9 Татарск 23 282
36%
20 Чулым 10 926
36%
18 Маслянино 13 235
31%
23 Каргат 8 914
31%
13 Кольцово 17 489
29%
16 Болотное 15 344
29%
7 Краснообск 27 065
27%
12 Линёво 17 546
27%
19 Колывань 12 251
26%
10 Тогучин 20 489
24%
25 Чаны 8 093
24%
8 Карасук 26 733
21%
14 Коченёво 17 230
21%
15 Сузун 15 394
21%
21 Ордынское 9 823
21%
26 Чистоозёрное 5 292
16%
17 Купино 13 711
14%
24 Горный 8 847
14%
22 Краснозёрское 9 210
13%
No matching quizzes found
Score Distribution
Percent of People with Each Score
Percentile by Number Answered
Your Score History
You have not taken this quiz